000 00701nam a2200217Ia 4500
001 15759
003 GE_BSU
008 181216s||||||||xx |||||||||||||| ||und||
040 _cGE_BSU
080 _a821.353.1-1
100 _aხარანაული, ბესიკ
245 _aლექსები, პოემები
245 _cრედ.ნ.ინასარიძე. მხატვ.ლ.ხარანაული
250 _aმე-2 გამოცემა
260 _aთბილისი
260 _bსაქართველო
260 _c1991
300 _a412 გვ. ; 21 სმ
653 _aლექსები, პოემები
942 _cBK
999 _c48857
_d48857